| 000 | 00349nab a22001097u 4500 | ||
|---|---|---|---|
| 008 | 130520b1984 xxu||||| |||| 00| 0 spa d | ||
| 041 | _aspa | ||
| 100 | 1 |
_aAlarcón Vázquez, Manuel _981106 |
|
| 245 | 0 | 0 |
_aFilosofía, religión y teología _cManuel Alarcón Vázquez |
| 773 | 0 |
_tLogos _gV.12, nºEspec.,1984,págs.97102 _x0185-6375 _wRev257 |
|
| 942 | _cAR | ||
| 999 |
_c406772 _d406772 |
||